|
|
|
|
| LEADER |
00000ccm a22000004a 4500 |
| 001 |
musev2_65443 |
| 003 |
MdBmJHUP |
| 005 |
20230905050733.0 |
| 006 |
m o d |
| 007 |
cr||||||||nn|n |
| 008 |
140926s1984 onc o 00 0 mul d |
| 020 |
|
|
|a 9781772823530
|
| 020 |
|
|
|z 1772823538
|
| 035 |
|
|
|a (OCoLC)1132222736
|
| 040 |
|
|
|a MdBmJHUP
|c MdBmJHUP
|
| 041 |
0 |
|
|a mul
|b fre
|e und
|e eng
|n und
|
| 245 |
0 |
0 |
|a Many are strong among the strangers :
|b Canadian songs of immigration /
|c compiled by Ellen Karp.
|
| 264 |
|
1 |
|a [Ottawa] :
|b National Museums of Canada,
|c 1984.
|
| 264 |
|
3 |
|a Baltimore, Md. :
|b Project MUSE,
|c 2020
|
| 264 |
|
4 |
|c ©1984.
|
| 300 |
|
|
|a 1 online resource (150 pages):
|b illustrations.
|
| 336 |
|
|
|a text
|b txt
|2 rdacontent
|
| 337 |
|
|
|a computer
|b c
|2 rdamedia
|
| 338 |
|
|
|a online resource
|b cr
|2 rdacarrier
|
| 490 |
0 |
|
|a Paper / Canadian Centre for Folk Culture Studies,
|x 0316-1897 ;
|v no. 50 =
|a Dossier / Centre canadien d'etudes sur la culture traditionnelle ;
|v no. 50
|
| 490 |
0 |
|
|a Mercury series,
|x 0316-1854 =
|a Collection Mercure
|
| 500 |
|
|
|a Words printed as texts with English translations are after each song.
|
| 500 |
|
|
|a "Thirty four songs from The Canadian Centre for Folk Culture Studies folklore collections, collected ... in their original language"--Page iii.
|
| 520 |
|
|
|a Summary in French.
|
| 588 |
|
|
|a Description based on print version record.
|
| 650 |
|
7 |
|a Folk songs.
|2 fast
|0 (OCoLC)fst00929707
|
| 650 |
|
7 |
|a Emigration and immigration.
|2 fast
|0 (OCoLC)fst00908690
|
| 650 |
|
0 |
|a Emigration and immigration
|v Songs and music.
|
| 650 |
|
0 |
|a Folk songs
|z Canada.
|
| 651 |
|
7 |
|a Canada.
|2 fast
|0 (OCoLC)fst01204310
|
| 655 |
|
7 |
|a Songs and music.
|2 fast
|0 (OCoLC)fst01985328
|
| 655 |
|
7 |
|a Electronic books.
|2 local
|
| 700 |
1 |
|
|a Karp, Ellen.
|
| 710 |
2 |
|
|a Canadian Centre for Folk Culture Studies.
|
| 710 |
2 |
|
|a Project Muse.
|e distributor
|
| 830 |
|
0 |
|a Book collections on Project MUSE.
|
| 856 |
4 |
0 |
|z Texto completo
|u https://projectmuse.uam.elogim.com/book/65443/
|
| 945 |
|
|
|a Project MUSE - Custom Collection
|
| 945 |
|
|
|a Project MUSE - Archive Complete Supplement VIII
|
| 945 |
|
|
|a Project MUSE - Archive Archaeology and Anthropology Supplement VIII
|